[Event "AUTO-OPEN-592"]
[Site "http://www.queenalice.com/game.php?id=183467"]
[Date "2007.3.17"]
[Round "1"]
[White "fordmeister"]
[Black "mad_knight"]
[Result "0-1"]
[WhiteElo "1473"]
[BlackElo "1778"]

1. e3 e5 2. Nc3 Nf6 3. e4 Bb4 4. f3 O-O 5. a3 Bxc3 6. bxc3 d5 7. Bd3 dxe4 8. Be2
Re8 9. Rb1 c6 10. Kf1 Qc7 11. Qe1 exf3 12. Nxf3 Bf5 13. Rb2 Nbd7 14. Nh4 Bg6 15.
Nxg6 fxg6 16. Qh4 Rf8 17. Ke1 c5 18. Bc4+ Kh8 19. Ra2 Rae8 20. Bb2 Nb6 21. Kd1
Nxc4 22. Qxc4 b6 23. Qh4 e4 24. c4 Qd6 25. Bc3 e3 26. d3 Qc6 27. Rg1 Qe6 28. h3
e2+ 29. Ke1 Qe3 30. Ra1 Qxg1+ 31. Kd2 Qe3+ 32. Ke1 Nh5 0-1

[Event "AUTO-OPEN-592"]
[Site "http://www.queenalice.com/game.php?id=183468"]
[Date "2007.3.17"]
[Round "1"]
[White "mad_knight"]
[Black "fordmeister"]
[Result "0-1"]
[WhiteElo "1767"]
[BlackElo "1448"]

1. e4 d5 2. exd5 Qxd5 3. Nc3 Qe6+ 4. Be2 a6 5. Nf3 Nc6 6. d4 Qg6 7. O-O Bg4 8.
Ne5 Nxe5 9. dxe5 Bxe2 10. Qxe2 Qc6 11. Bf4 e6 12. Rad1 Bc5 13. Ne4 Ne7 14. Bg5
O-O 15. Bxe7 Bxe7 16. Nc3 b5 17. a3 Rab8 18. Rd3 Qe8 19. Rfd1 c5 20. Ne4 c4 21.
Rd4 Qc6 22. Nd6 Bd8 23. Qh5 h6 24. Rf4 f5 25. Qg6 Qd7 26. Rfd4 Qe7 27. Rf4 Bc7
28. Rf3 Rb6 29. Rg3 Kh8 30. Rd4 Rbb8 31. Qh5 f4 32. Rg4 Rbd8 0-1

[Event "AUTO-OPEN-664"]
[Site "http://www.queenalice.com/game.php?id=212455"]
[Date "2007.5.17"]
[Round "1"]
[White "harshul"]
[Black "fordmeister"]
[Result "0-1"]
[WhiteElo "1320"]
[BlackElo "1631"]

1. e4 e5 2. Nf3 Nc6 3. Bb5 f6 4. d4 Nxd4 5. Nxd4 exd4 6. Qxd4 Ne7 7. O-O a6 8.
Ba4 b5 9. Bb3 Bb7 10. Re1 Ng6 11. Nc3 Bd6 12. h3 Be5 13. Qd3 c6 14. Be3 Qc7 15.
Rad1 O-O-O 16. Rd2 Nf4 17. Bxf4 Bxf4 18. Rdd1 g5 19. g3 Be5 20. Qe3 h5 21. f4
gxf4 22. gxf4 Bxf4 23. Qd4 Be5 24. Qd3 h4 25. a4 Rh5 26. Qe2 Rg5+ 27. Kh1 Rg3
28. Rd3 Rxd3 29. cxd3 Rh8 30. Rg1 Bg3 31. Nd1 f5 32. exf5 c5+ 0-1

[Event "AUTO-OPEN-664"]
[Site "http://www.queenalice.com/game.php?id=212456"]
[Date "2007.5.17"]
[Round "1"]
[White "fordmeister"]
[Black "harshul"]
[Result "1-0"]
[WhiteElo "1618"]
[BlackElo "1372"]

1. d4 d5 2. Nc3 Nf6 3. Bg5 Nc6 4. e3 h6 5. Bxf6 gxf6 6. Bd3 f5 7. Nf3 e6 8. Bb5
Bd7 9. O-O a6 10. Bxc6 Bxc6 11. Ne5 Bb4 12. Qh5 Qe7 13. a4 Bxc3 14. bxc3 Qg5 15.
Qxf7+ Kd8 16. Qxe6 Re8 17. Nf7# 1-0

[Event "AUTO-ADV-544"]
[Site "http://www.queenalice.com/game.php?id=232202"]
[Date "2007.6.29"]
[Round "1"]
[White "fordmeister"]
[Black "emiliano"]
[Result "1-0"]
[WhiteElo "1715"]
[BlackElo "1885"]

1. d4 d5 2. Nc3 Nf6 3. Bf4 a6 4. e3 e6 5. Bd3 Bb4 6. Ne2 O-O 7. a3 Ba5 8. b4 Bb6
9. a4 Nc6 10. a5 Ba7 11. b5 Nb4 12. Rb1 Nxd3+ 13. Qxd3 axb5 14. Qxb5 c6 15. Qb4
Re8 16. O-O Bb8 17. Bxb8 Rxb8 18. a6 b5 19. Ra1 Ra8 20. a7 Qc7 21. Qa5 Re7 22.
Qxc7 Rxc7 23. Ra2 Rcxa7 24. Rfa1 Rxa2 25. Rxa2 Rxa2 26. Nxa2 Nd7 27. c3 c5 28.
h3 g5 29. g4 Nb6 30. dxc5 Nd7 31. c6 Nb8 32. Nb4 Kf8 33. Nd4 Ke7 34. Nxb5 f6 35.
Na7 1-0

[Event "AUTO-ADV-544"]
[Site "http://www.queenalice.com/game.php?id=232203"]
[Date "2007.6.29"]
[Round "1"]
[White "emiliano"]
[Black "fordmeister"]
[Result "1-0"]
[WhiteElo "1850"]
[BlackElo "1771"]

1. e4 e5 2. Nf3 Nc6 3. Bb5 a6 4. Ba4 b5 5. Bb3 Nf6 6. O-O h6 7. Re1 Bc5 8. c3
O-O 9. d4 exd4 10. cxd4 Bb6 11. Nc3 Bb7 12. d5 Na5 13. Bc2 c6 14. d6 Bc5 15. e5
Ng4 16. Ne4 Qb6 17. Qd2 Nc4 18. Qe2 Rfe8 19. Nxc5 Qxc5 20. h3 Ngxe5 21. Be3 Qxd6
22. Nxe5 Nxe5 23. Rad1 Qf6 24. f4 Nc4 25. Qf2 Nxe3 26. Rxe3 d5 27. Rde1 Rf8 28.
Re7 Bc8 29. Re8 Bd7 30. R8e7 Bf5 31. Bxf5 Qxf5 32. Rc7 Qf6 33. b3 b4 34. Rc1 a5
35. R7xc6 Qf5 36. R6c5 Rfd8 37. Rd1 Qe4 38. Qd4 Qxd4+ 39. Rxd4 Re8 40. Rcxd5 Re2
41. Rd2 Rxd2 42. Rxd2 g6 43. Rd5 a4 44. Rb5 axb3 45. axb3 Ra1+ 46. Kh2 Rb1 47.
Rxb4 h5 48. g4 hxg4 49. hxg4 Kg7 50. Kg3 Rg1+ 51. Kf2 Rxg4 52. Rc4 Rh4 53. Kg3
Rh1 54. b4 Rb1 55. Kf3 f5 56. Ke3 Kh6 57. Kd4 Kh5 58. Kc5 Kg4 59. b5 Kf3 60. b6
Ke3 61. Rb4 Rc1+ 62. Kb5 Rc8 63. b7 Rb8 64. Kb6 Kf3 65. Ka7 Rxb7+ 66. Kxb7 Kg4
67. Kc6 g5 68. fxg5+ Kxg5 69. Kd5 f4 70. Ke4 Kg4 71. Kd3 Kg3 72. Ke2 f3+ 73. Kf1
f2 74. Rb2 Kh2 75. Rxf2+ Kh1 76. Ke2 1-0

[Event "AUTO-ADV-544"]
[Site "http://www.queenalice.com/game.php?id=232204"]
[Date "2007.6.29"]
[Round "1"]
[White "fordmeister"]
[Black "davividal"]
[Result "1-0"]
[WhiteElo "1677"]
[BlackElo "1850"]

1. d4 Nf6 2. Nc3 d5 3. Bf4 c6 4. h3 Nbd7 5. Nf3 e6 6. a3 Be7 7. e3 O-O 8. Bd3 a6
9. O-O b5 10. b4 Qb6 11. Ne5 Nxe5 12. dxe5 Nd7 13. Ne2 c5 14. c3 Bb7 15. Kh1 c4
16. Bc2 a5 17. Nd4 axb4 18. cxb4 h5 19. Qxh5 1-0

[Event "AUTO-ADV-544"]
[Site "http://www.queenalice.com/game.php?id=232205"]
[Date "2007.6.29"]
[Round "1"]
[White "davividal"]
[Black "fordmeister"]
[Result "0-1"]
[WhiteElo "1788"]
[BlackElo "1638"]

1. c4 e5 2. Nc3 c6 3. e3 Nf6 4. g3 Be7 5. Bg2 O-O 6. Nge2 a5 7. d4 d6 8. Bd2
Nbd7 9. Qa4 Nb6 10. Qb3 a4 11. Qb4 c5 12. Qa3 Nxc4 0-1

[Event "AUTO-ADV-544"]
[Site "http://www.queenalice.com/game.php?id=232206"]
[Date "2007.6.29"]
[Round "1"]
[White "fordmeister"]
[Black "Nemer"]
[Result "1-0"]
[WhiteElo "1751"]
[BlackElo "1535"]

1. d4 d5 2. Nc3 Nf6 3. a3 Nc6 4. Bf4 g6 5. h3 Ne4 6. Nf3 Bf5 7. Nb5 e5 8. dxe5
a6 9. Nbd4 g5 10. Be3 Nxe5 11. Nxf5 1-0

[Event "AUTO-ADV-544"]
[Site "http://www.queenalice.com/game.php?id=232207"]
[Date "2007.6.29"]
[Round "1"]
[White "Nemer"]
[Black "fordmeister"]
[Result "0-1"]
[WhiteElo "1535"]
[BlackElo "1762"]

1. e4 e5 2. Nf3 Nc6 3. Bb5 d6 4. h3 Bd7 5. a3 a6 6. Ba4 b5 7. Bb3 Nf6 8. d3 a5
9. a4 b4 10. O-O Nd4 11. c3 Nxb3 0-1